| 000 | 00538nam a22001817a 4500 | ||
|---|---|---|---|
| 005 | 20251108172024.0 | ||
| 008 | 250721s1986 xx 000 0 ara d | ||
| 082 | 1 | 4 | _a813.09/حسي |
| 100 | 1 | _aعطوان، حسين | |
| 245 | 1 | 0 | _aالرواية التاريخية في بلاد الشام في العصر الأموي / |
| 264 | 1 |
_aبيروت : _bدار الجيل، _c1986. |
|
| 300 | _a277ص | ||
| 650 | 1 | 7 | _aالقصص العربية |
| 650 | 1 | 7 | _aالتاريخ |
| 650 | 1 | 7 | _aالنقد |
| 942 |
_2ddc _cBK |
||
| 999 |
_c68481 _d68481 |
||